000 01263nam a22003617a 4500
003 CHAP
005 20220817044231.0
008 081024s2007 us r 00010 eng d
010 _a95304
011 _a96276
020 _a9780821369357
035 _a106923
040 _cCHAP
082 0 4 _a325
_bOz2
100 1 _aOzden, Caglar
_e, ed.
_984489
245 1 0 _aInternational migration, economic development & policy
_c/edited by Caĝlar Özden and Maurice Schiff
260 _aWashington, DC :
_bThe World Bank,
_c2007
300 _axvii, 299 p. :
_bgráfs. ; cuadros
590 _aBATCH-UPD
_b10
_c20130110
_lUCH01
_h1029
590 _aBATCH-UPD
_b10
_c20130410
_lUCH01
_h0632
590 _aBATCH-UPD
_b10
_c20130914
_lUCH01
_h1152
590 _aCONVERSION
_b10
_c20130109
_lUCH01
_h1353
650 1 4 _aDesarrollo económico.
650 1 4 _aEmigración e inmigración.
_936517
650 1 4 _aInmigrantes.
_958813
650 1 4 _aMigración interna.
_975603
650 1 4 _aPolítica económica.
700 0 _aSchiff, Maurice
_e, ed.
_9102996
901 _aBK
942 _cLIBRO
949 _a325 Oz2
_bBC
_cLIBRO
_d33724002069157
_eLIBRO
_fc.2
_gI.c/e
_h109740
_i106923
_sb
_t$385.00
949 _a325 Oz2
_bBC
_cLIBRO
_d33724002069199
_eLIBRO
_gI.c/e
_h109739
_i106923
_sb
_t$385.00
999 _c95304
_d95304